000
00305nam a22001337a 4500
008
181102b xxu||||| |||| 00| 0 eng d
020
_a
0070072647
041
_a
eng
080
_2
11th
_a
610
100
_a
4
101
_a
SHM
245
_a
Principles of Internal Medicine
_c
Braunwald,E
942
_2
udc
_c
BK
999
_c
51701
_d
51701